| 000 | 00497 a2200181 4500 | ||
|---|---|---|---|
| 003 | OSt | ||
| 005 | 20240131092847.0 | ||
| 008 | 240131b |||||||| |||| 00| 0 eng d | ||
| 020 | _a9789391899110 | ||
| 040 | _coclc | ||
| 082 |
_a954 _bAHA/P |
||
| 100 |
_aAhamed, Jameel _910343 |
||
| 245 |
_a1921 Porattathinte Kissakal / _cJameel Ahamed |
||
| 250 | _a1st ed. | ||
| 260 |
_aCalicut: _bI.P.H Books, _c2021. |
||
| 300 | _a112p. | ||
| 942 |
_2ddc _cBK _h954 _iAHA/P _k954 _mAHA/P |
||
| 999 |
_c43380 _d43380 |
||